Normal view
MARC view
- Real Academia Española
Entry Nombre Corporativo
001 - NÚMERO DE CONTROL
- campo de control: 21927
003 - IDENTIFICADOR DE NUMERO DE CONTROL
- campo de control: MX-MxUPN
005 - FECHA Y HORA DE LA ÜLTIMA TRANSACCIÓN
- campo de control: 20240611134135.0
008 - DATOS DE LONGITUD FIJA
- campo de control de longitud fija: 240611n||acannaabn | ana |d
010 ## - NÚMERO DE CONTROL DE LA BIBLIOTECA DEL CONGRESO
- LC control number: n 80094511
035 ## - NÚMERO DE CONTROL
- Número de control: UPN10000021936
035 ## - NÚMERO DE CONTROL
- Número de control: (OCoLC)oca00475578
040 ## - FUENTE DE CATALOGACIÓN
- Lenguaje de catalogación: spa
- Agencia transcribe: DLC
- Agencia original de catalogación: DLC
- Agencia modificadora: DLC
- Agencia modificadora: PPiU
- Agencia modificadora: MoSU-L
- Agencia modificadora: MX-MXUPN
046 ## - FECHAS ESPECIALES CODIFICADAS
- Start period: 1713
110 2# - ENCABEZAMIENTO - NOMBRE CORPORATIVO
- Nombre corporativo o de jurisdicción como elemento de entrada : Real Academia Española
368 ## - OTROS ATRIBUTOS DE LA PERSONA O ENTIDAD CORPORATIVA
- Fuente: lcsh
- Type of corporate body: Instituciones y sociedades científicas
370 ## - LUGAR ASOCIADO
- Fuente del término: $naf
- Associated country: España
- Place of residence/headquarters: Madrid (España)
372 ## - CAMPO DE ACTIVIDAD
- Fuente del término: lcsh
- Field of activity: Lengua española
670 ## - FUENTE EN LA QUE SE LOCALIZARON DATOS
- Cita de la fuente : LC
902 ## - CATALOGADOR
- Catalogador: MCM/230513
